000 00454nam a2200169Ia 4500
008 240729s9999 xx 000 0 und d
022 _a2150-5608
245 0 _aVirulence
260 _aUnited Kingdom
260 _bTaylor & Francis Group
650 _a Infectious and parasitic diseases
650 _a Internal medicine
650 _aMedicine
856 _uhttps://doaj.org/toc/3573dddf30064d0e81ade894329280a8
942 _2ddc
942 _cDOAJEJ
999 _c69039
_d69039
945 _a1
_bMadushi Gamage
_c1
_dMadushi Gamage